Sports Quiz

Random Sports or NCAA Quiz
Score 0/23 Timer 05:00
0 Plays Today
Hint Answers % Correct
NicknameGators
96.5%
ConferenceSEC
92.5%
ColorsBlue and Orange
88.2%
CityGainesville, Florida
69.2%
CoachBilly Donovan
56.6%
ForwardChandler Parsons
47.1%
GuardErving Walker
39.5%
GuardKenny Boynton
35.6%
Forward/CenterPatric Young
32.4%
ForwardAlex Tyus
29.9%
Basketball ArenaStephen C. O'Connell Center
27.3%
CenterVernon Macklin
26.9%
Hint Answers % Correct
ForwardErik Murphy
21.7%
GuardScottie Wilbekin
21%
2nd Round OpponentUC Santa Barbara
14.8%
Guard/ForwardCasey Prather
14.2%
All-time Leading Scorer (2,090 points)Ronnie Williams
13.5%
GuardMike Rosario
10.1%
ForwardWill Yeguete
9.7%
ForwardAdam Allen
7.8%
Highest NBA Scoring AlumVernon Maxwell
7.7%
ForwardCody Larson
6.7%
GuardKyle McClanahan
3.6%

You're not logged in!

Compare scores with friends on all Sporcle quizzes.
OR
Log In

Sporcle TV

Today on Sporcle TV


Watch our educational content, quiz creation guides, and fun videos on Sporcle TV.

Show Comments

Extras

Top Quizzes Today


Score Distribution

Your Account Isn't Verified!

In order to create a playlist on Sporcle, you need to verify the email address you used during registration. Go to your Sporcle Settings to finish the process.

Report this User

Report this user for behavior that violates our Community Guidelines.

Details: